=LDR 00000nam 2200000 4500 =001 INLIS000000000040831 =005 20130612150405 =008 ***********************************ind** =035 ##$$0010-061300000040831 =041 ##$$a ind =082 ##$$a 813 =090 ##$$a 813, Zen s =100 ##$$a Zeng, Astrid =245 ##$$a Suami sempurna untuk Tatiana/ Satrid Zeng =260 ##$$a 2011 $b Jakarta =300 ##$$a 387 hlm., 18 cm =650 ##$$a Fiksi =850 ##$$a NBPNMAT